Statistics for Real Madrid 2021-2022 UCL Win

Click here to take the quiz!

General Stats

  • This quiz has been taken 80 times
    (75 since last reset)
  • The average score is 21 of 40

Answer Stats

QuestionsAnswers% Correct
Which player scored the first goal in Real Madrid's 2021-2022 UCL campaign?Rodrygo
98%
How many goals did Real Madrid score against Shakhtar Donetsk in the away game?5
65%
Real Madrid put up a solid performance to win the first leg of their quarterfinal tie against Chelsea at Stamford Bridge, with Karim Benzema scoring back-to-back hattricks in the Champions League. Which Chelsea player scored the only goal for his team?Kai Havertz
59%
Which player scored the final goal of his hat-trick to complete a brilliant comeback for Real Madrid?Karim Benzema
59%
Which player came off the bench to assist the above mentioned goal?Eduardo Camavinga
57%
Name the first team that Real Madrid faced in the group stage.Inter Milan
57%
Which Manchester City player scored their opening goal within 2 minutes in the first leg?Kevin de Bruyne
56%
This player scored the first goal for Chelsea in the second leg.Mason Mount
56%
The second leg of the tie was far more cautious than the high-scoring first leg, with Manchester City holding a slender 4-3 advantage. They scored their fifth goal of the tie through a brilliant left-footed strike at the near post from this player.Riyad Mahrez
56%
Real Madrid won their 14th UCL under extraordinary circumstances. Who was Real Madrid's manager for this campaign?Carlo Ancelotti
54%
This player scored the match winning goal in extra time to send Real Madrid through to the semifinals.Karim Benzema
54%
Which Real Madrid player won the Ballon D'or for his heroic performances in the season?Karim Benzema
54%
Which player provided a darting run through the PSG midfield and gave the assist for the second goal for Real Madrid?Luka Modric
54%
Real Madrid once again showed why they are the most successful club in UCL history, with their determination and resilience. Which player came off the bench to score a quickfire brace to force the game into extra time?Rodrygo
54%
Which Real Madrid player scored the winning goal?Vinicius Junior
54%
This player scored the second goal for Chelsea in the second leg.Antonio Rudiger
52%
Manchester City scored their fourth goal after the referee played advantage to them for a foul on Zinchenko. Which player scored this goal?Bernardo Silva
52%
Manchester City soon doubled their lead through this player.Gabriel Jesus
52%
Which player scored two goals against Real Madrid over both legs of the Round of 16 tie?Kylian Mbappe
52%
Which player missed a penalty in the first leg of the Round of 16 tie?Lionel Messi
52%
This Liverpool player took 6 shots on target, but failed to beat Courtois.Mohamed Salah
52%
Which Manchester City defender conceded the penalty that was scored by Karim Benzema to win the tie?Ruben Dias
52%
This player scored the third goal for Chelsea in the second leg.Timo Werner
52%
Name the Real Madrid player that scored a deflected free kick goal in the fifth group stage game.David Alaba
50%
Which Real Madrid player provided the assist for the winning goal?Federico Valverde
50%
Which player assisted both of the above mentioned goals?Neymar Jr
50%
Which Liverpool player came close to opening the scoring with a stinging shot that was parried onto the post by Courtois?Sadio Mane
50%
Which PSG player was responsible for the crucial mistake that led to Real Madrid's first goal in the second leg?Gianluigi Donnarumma
48%
What an unforgettable campaign! What does every Madridista say?Hala Madrid
48%
With time running out, Manchester City were threatening on the counter. Which player nearly scored their sixth goal, denied only by a save from Courtois and a goal-line clearance from Mendy?Jack Grealish
48%
Real Madrid do not go down without a fight, as they scored their third goal of the night through a Benzema penalty. Which type of penalty did he score here?Panenka
48%
Manchester City soon restored their advantage through this player.Phil Foden
48%
Real Madrid got back into the game in a flash with a brilliant piece of skill, followed by a run from the halfway line and finish. Which player scored this goal?Vinicius Junior
48%
Which Inter Milan player received a red card for violent conduct in Real Madrid's final group stage game?Nicolo Barella
46%
Real Madrid reached the final to face Liverpool, after completing one of the hardest runs in Champions League history. In which city was the final held?Paris
46%
Karim Benzema scored a crucial goal to change the momentum of the game from a very difficult chance. Which player assisted this goal?Ferland Mendy
44%
Which team was Real Madrid originally drawn against in the Round of 16 (before the redraw)?Benfica
43%
Which team inflicted a shock 1-2 loss on Real Madrid at the Santiago Bernabeu in the second group stage game?FC Sheriff Tiraspol
41%
Real Madrid faced Manchester City in the semifinals. Which team did Manchester City beat in the quarterfinal?Atletico Madrid
37%
Chelsea nearly made a comeback in the second leg, taking a 0-3 lead at the Bernabeu. However, Luka Modric saved the day with a brilliant assist for Rodrygo to force the game to extra time. What technique did Modric use to provide this assist?Trivela
37%

Score Distribution

Percentile by Number Answered

Percent of People with Each Score

Your Score History

You have not taken this quiz since the last reset